000 00509nam a2200181Ia 4500
008 100917s9999 xx 000 0 und d
082 _b61321
100 _aकामतीकर प्रकाश
245 _aस्वप्नगंधा
260 _bविजय प्रकाशन
_c1967
300 _a97
365 _b5
520 _aनिबंध
630 _aस्वप्नगंधा
650 _aनिबंध
730 _aस्वप्नगंधा
942 _cBOOK
999 _c666715
_d666712